00427nam a22001337a 4500003000500000038001800005082000800023100001600031245007900047264003300126650003900159700003800198856005700236NUST aNusrat Nadeem a200 aZabeehullah aDeep Learning Applications in SDN-Enabled Internet of Things/cZabeehullah aRawalpindi:bMCS NUSTc2025. aPhD-Computer Software Engineering  aSupervisor: Prof Dr. Fahim Arif uhttp://10.250.8.41:8080/xmlui/handle/123456789/55657